000 00939nam a2200265 i 4500
001 183390
003 ES-MaACL
005 20250817063136.0
008 140411s1912 it | |||| ||ita d
080 _a821.133.1-992"12"
080 _a913(5)"12"
100 1 _aPolo, Marco,
_d1254-1324
_eaut
_992864
245 1 3 _aIl milione :
_bsecondo il testo della "Crusca" reintegrato con gli altrii codici italiani /
_cMarco Polo ; a cura di Dante Olivieri
260 _aBari :
_bGius. Laterza & Figli,
_c1912
300 _a317 páginas ;
_c21 cm
490 1 _aScrittori d'Italia ;
_v30
_9191925
651 4 _aAsia-
_xDescripción-
_yS.XIII
_97825
651 4 _aAsia-
_xDescripción-
_yS.XIV
_97826
700 1 _aOlivieri, Dante
_epbl
_9154695
830 0 _aScrittori d'Italia ;
_v30
_9191925
852 4 _aES-MaACL
_cDEPO2
_jG-3731
942 _2udc
_cMONOGRAFIA
_n0
999 _c183390
_d183390